000
00218 a2200097 4500
001
1734
100
_a
Schrock, E.M.
245
_a
Quality control and statisticalmethods
260
_a
_b
Reinhold
_c
090
_c
1270
_d
1270
942
_a
NUST-CAE
_c
M
_c
3003
999
_c
236807
_d
236807